000 00268nam a2200133Ia 4500
100 _aBelyaev/N.M
942 _cBK
654 _aMaterials
245 _aStrength Of Materials
260 _bAllies Book Stall
082 _a620.1
300 _a449
546 _aENGLISH
999 _c33252
_d33252